000 00333nam a22001577a 4500
003 SGT
020 _a978-81-239-0426-6
082 _a616.5
_bH17J
100 _aJOPLING, W.H.
245 _aHAND BOOK OF LEPROSY
250 _a5TH
260 _aINDIA
_bCBS PUB
_c2017
300 _a182
650 _aDERMATOLOGY
942 _2ddc
_cBK
999 _c18652
_d18652